David M. UHLMANN, « Prosecutorial discretion and environmental crime », Harvard Environmental Law Review, Vol. 38, 2014, p. 159-217 (notice n° 1645540)
[ vue normale ]
| 000 -LEADER | |
|---|---|
| fixed length control field | 02146cam a2200169 4500500 |
| 005 - DATE AND TIME OF LATEST TRANSACTION | |
| control field | 20260208001847.0 |
| 041 ## - LANGUAGE CODE | |
| Language code of text/sound track or separate title | fre |
| 042 ## - AUTHENTICATION CODE | |
| Authentication code | dc |
| 100 10 - MAIN ENTRY--PERSONAL NAME | |
| Personal name | Emmanouilidou, Lina |
| Relator term | author |
| 245 00 - TITLE STATEMENT | |
| Title | David M. UHLMANN, « Prosecutorial discretion and environmental crime », Harvard Environmental Law Review, Vol. 38, 2014, p. 159-217 |
| 260 ## - PUBLICATION, DISTRIBUTION, ETC. | |
| Date of publication, distribution, etc. | 2015.<br/> |
| 500 ## - GENERAL NOTE | |
| General note | 34 |
| 520 ## - SUMMARY, ETC. | |
| Summary, etc. | La présente chronique de droit international de l’environnement aborde dans un premier temps les problématiques sectorielles à savoir l’eau, le milieu marin, l’air et le climat, le sol ainsi que la biodiversité. Elle s’intéresse dans un second temps à la protection de l’environnement dépassant les réglementations sectorielles en abordant les thématiques suivantes : protection de l’environnement dans son ensemble, protection transversale, environnement et commerce, environnement et conflits armés, régimes territoriaux de protection et individualisation (droits à l’environnement, responsabilité civile). Les sources prises en compte sont les traités, les instruments non obligatoires ainsi que les décisions de justice les plus marquantes. |
| 520 ## - SUMMARY, ETC. | |
| Summary, etc. | International Environmental law : 2010-2014 and Penelope’s web syndromThe present column covers the developments in the field of International Environmental Law over the last five years. First, it deals with sectorial issues such as protection of water, marine environment, air and climate, soil and biodiversity. Secondly it considers environmental protection as a whole, transsectorial protection, environment and trade, environment and armed conflicts, territorial protection regimes (such as mountain areas) and individualization of international environmental law (rights to a healthy environment ; liability regimes). The legal sources taken into account are significant treaties, soft law instruments and judicial decisions. |
| 786 0# - DATA SOURCE ENTRY | |
| Note | Revue juridique de l’environnement | Volume 40 | 1 | 2015-03-10 | p. 193h-199h | 0397-0299 |
| 856 41 - ELECTRONIC LOCATION AND ACCESS | |
| Uniform Resource Identifier | <a href="https://droit.cairn.info/revue-juridique-de-l-environnement-2015-1-page-193h?lang=fr&redirect-ssocas=7080">https://droit.cairn.info/revue-juridique-de-l-environnement-2015-1-page-193h?lang=fr&redirect-ssocas=7080</a> |
Pas d'exemplaire disponible.




Réseaux sociaux